Country to 2 Letter Code - Statistics

General Stats
  • This quiz has been taken 18 times
  • The average score is 14 of 20
Answer Stats
Hint Answer % Correct
Albania AL
93%
Canada CA
93%
Djibouti DJ
93%
Egypt EG
93%
Mongolia MG
93%
Liechtenstein LI
87%
Sierra Leone SL
87%
South Africa ZA
87%
Monaco MC
80%
Sweden SE
80%
China CN
73%
Switzerland CH
67%
Algeria DZ
53%
Equatorial Guinea GQ
53%
Lithuania LT
53%
Mauritania MR
53%
Morocco MA
47%
Senegal SN
33%
Sri Lanka LK
27%
Slovenia SI
27%
No matching quizzes found
Score Distribution
Percent of People with Each Score
Percentile by Number Answered
Your Score History
You have not taken this quiz